书目信息 |
| 题名: |
中草药图谱
|
|
| 作者: | 徐鸿华 , 刘军民 主编 | |
| 分册: | 一 | |
| 出版信息: | 广州 广东科技出版社 2007.10 |
|
| 页数: | 340页 | |
| 开本: | 22cm | |
| 丛书名: | ||
| 单 册: | ||
| 中图分类: | R282-64 | |
| 科图分类: | ||
| 主题词: | 中草药--zhong cao yao--图谱 | |
| 电子资源: | ||
| ISBN: | 978-7-5359-4299-9 | |
| 000 | 00883nam0 2200253 450 | |
| 001 | 012008194047 | |
| 005 | 20080424102038.15 | |
| 010 | @a978-7-5359-4299-9@dCNY48.00 | |
| 100 | @a20080424d2007 em y0chiy0120 ea | |
| 101 | 0 | @achi |
| 102 | @aCN@b440000 | |
| 105 | @aa z 001yy | |
| 106 | @ar | |
| 200 | 1 | @a中草药图谱@Azhong cao yao tu pu@h一@f徐鸿华, 刘军民主编@Fxu hong hua,liu jun min zhu bian |
| 210 | @a广州@c广东科技出版社@d2007.10 | |
| 215 | @a340页@c图@d22cm | |
| 320 | @a有索引 | |
| 330 | @a本书采用图文对照的形式编排,收入百来种中草药,并对每种药材的别名、来源、植物形态、生境分布、采收加工、药材性状、性味功能、临床应用及现代研究进行介绍。 | |
| 606 | 0 | @a中草药@Azhong cao yao@j图谱 |
| 690 | @aR282-64@v4 | |
| 701 | 0 | @a徐鸿华@Axu hong hua@4主编 |
| 701 | 0 | @a刘军民@Aliu jun min@4主编 |
| 801 | 0 | @aCN@bQSSK@c20080424 |
| 905 | @b297117-18@dR282-64@eX722:1@f2 | |
| 中草药图谱.一/徐鸿华, 刘军民主编.-广州:广东科技出版社,2007.10 |
| 340页:图;22cm |
| ISBN 978-7-5359-4299-9:CNY48.00 |
| 本书采用图文对照的形式编排,收入百来种中草药,并对每种药材的别名、来源、植物形态、生境分布、采收加工、药材性状、性味功能、临床应用及现代研究进行介绍。 |
| ● |
| 相关链接 |
|
|
|
正题名:中草药图谱
索取号:R282-64/X722:1
 
预约/预借
| 序号 | 登录号 | 条形码 | 馆藏地/架位号 | 状态 | 备注 |
| 1 | 297117 | 202971178 | 自科库401/401自科库 12排2列3层/ [索取号:R282-64/X722:1] | 在馆 | |
| 2 | 297118 | 202971187 | 自科库401/401自科库 12排2列3层/ [索取号:R282-64/X722:1] | 在馆 |